01123nam a22002657a 450000500170000000800410001702000180005804000070007604100080008308200200009110000240011124500390013526000450017430000220021936500620024152001770030365000280048065000300050865000370053865000420057570000330061794200120065099900190066295201760068120260202145423.0250109b ||||| |||| 00| 0 eng d a9788197452345 cAL aeng 223a581.6bSWAB aB G L Swamy9253555 aHasuru Honnub: When Green is Gold aMangalurubDVG Balaga Prathisthanac2024 a466pbPBc22x14cm 2BotanyaBLCR-000062b480.00c₹d600.00e₹f07-01-2025 aHasuru Honnu[1] ("Green Gold") is a botanical/autobiographical novel by B. G. L. Swamy. This book won him the Kendra Sahitya Academy award given by the Government of India. aBotanical Novel9192859 aBotanical Fiction9192860 aAutobiographical Fiction9192861 aTranslated Kannada to English9192862 aNatarajan, Jyothi Tr9192864 2ddccBK c233621d233621 00102ddc40708BOTaALbALd2025-01-07eNavakarnataka Publications Pvt. Ltd. Mangaluru-575001g480.00l0o581.6 SWABp077502r2025-01-09 00:00:00v600.00w2025-01-09yBK